000 02202nam0a2200397 4500
001 RU\NLR\bibl\1861802
005 20260406005736.0
010 _a978-5-9765-1128-6
_91000
021 _aRU
_b2011-103509
_97402
035 _a(nilc)RSL-KNO-005369824
035 _a(NLR Aleph) 001851701
090 _a2410911
_c2410911
100 _a20120110d2012 |||y0rusy50 ca
101 0 _arus
102 _aRU
105 _ay |||||||||
200 1 _aТеория и практика реабилитации граждан пожилого возраста
_eучебное пособие
_e[для студентов высших учебных заведений, обучающихся по специальности 040101.65 "Социальная работа"]
_fВ. Ф. Соколова, Е. А. Берецкая
_gРоссийская акад. образования, НОУ ВПО "Московский психолого-социальный ин-т"
210 _aМосква
_cФлинта
_cНОУ ВПО "МПСИ"
_d2012 [т.е. 2011]
215 _a194, [1] с.
_cтабл.
_d21
300 _aКн. фактически изд. в 2011 г.
320 _aБиблиогр.: с. 132-140 (153 назв.)
606 1 _aПожилые и старые люди
_jУчебные издания для высших учебных заведений
_xПсихосоциальная работа
_92284457
_3RU\NLR\auth\661368497
606 1 _aПожилые и старые люди
_jУчебные издания для высших учебных заведений
_xПедагогическая поддержка
_92534196
_3RU\NLR\auth\661500880
686 _aС555.325.3я73-1
_2rubbk
686 _aС550.325.3я73
686 _aС550.473я73
686 _aЧ441.3я73
700 1 _4070
_8rus
_7ca
_aСоколова
_bВ. Ф.
_cканд. филос. наук
_f1955-
_gВера Федоровна
_3RU\NLR\auth\77115224
_998149
701 1 _aБерецкая
_bЕ. А.
_gЕлена Александровна
_4070
801 0 _aRU
_bRuMoRKP
_c20120110
_grcr
801 1 _aRU
_bРГБ
_c20120110
801 2 _aRU
_bNLR
_c20120130
_grcr
942 _cBOOK
980 _aNB
980 _aNBR